[Event "4NCL Division 4 South"]
[Site "Maidenhead, ENG"]
[Date "2020.01.12"]
[Round "4.65"]
[White "Whiteside, Robert"]
[Black "Chilton, James I"]
[Result "1/2-1/2"]
[WhiteElo "1789"]
[BlackElo "1725"]
[PlyCount "107"]
[EventDate "2020.01.12"]
[WhiteTeam "MK Phoenix 2"]
[BlackTeam "Wessex C"]

1. e4 c5 2. d4 cxd4 3. c3 dxc3 4. Nxc3 e6 5. Nf3 a6 6. Bc4 b5 7. Bb3 Bb7 8. Qe2
Nc6 9. O-O Bd6 10. e5 Bc7 11. Ne4 Nxe5 12. Nxe5 Bxe5 13. Nc5 Bxh2+ 14. Kxh2
Qc7+ 15. Kg1 Qxc5 16. Be3 Qe7 17. Rac1 Bc6 18. Rfd1 Nh6 19. Bc5 Qg5 20. f3 Nf5
21. Bc2 Ng3 22. Qf2 Ne2+ 23. Qxe2 Qxc5+ 24. Kf1 Qe7 25. Rd4 O-O 26. Kf2 f5 27.
Bb3 Rf6 28. Rh4 h6 29. Qe5 Rg6 30. Rh5 Qf6 31. Rxf5 Qxe5 32. Rxe5 Kf7 33. Rd1
Kf6 34. Rde1 Rg5 35. Rxe6+ dxe6 36. Rxe6+ Kf7 37. Rxc6+ Ke7 38. Re6+ Kd7 39. g4
a5 40. Re2 Re8 41. Rd2+ Kc6 42. a4 b4 43. Bc4 Re7 44. b3 g6 45. Rd8 h5 46. Kg3
Rh7 47. Rg8 h4+ 48. Kh3 Rh6 49. Rc8+ Kd7 50. Ra8 Rc5 51. Ra7+ Kc6 52. Ra6+ Kb7
53. Re6 Rh8 54. Rxg6 1/2-1/2

[Event "4NCL Division 4 South"]
[Site "Maidenhead, ENG"]
[Date "2020.01.12"]
[Round "4.66"]
[White "Priest, Christopher Pa"]
[Black "Obi, Marc On"]
[Result "0-1"]
[WhiteElo "1645"]
[BlackElo "1783"]
[PlyCount "52"]
[EventDate "2020.01.12"]
[WhiteTeam "Wessex C"]
[BlackTeam "MK Phoenix 2"]

1. d4 d5 2. Bf4 Nf6 3. e3 Bf5 4. Nf3 e6 5. c4 Bd6 6. Bg3 c5 7. Nc3 O-O 8. Qb3
Bxg3 9. hxg3 Nbd7 10. cxd5 exd5 11. Nxd5 Be6 12. Nxf6+ Nxf6 13. Bc4 Qa5+ 14.
Kf1 Bxc4+ 15. Qxc4 cxd4 16. Nxd4 Rac8 17. Qe2 Rc7 18. Kg1 Rfc8 19. Kh2 Qg5 20.
Rhd1 Ng4+ 21. Kg1 Qh5 22. Nf3 Rc6 23. Rd4 g5 24. Nh4 Rc1+ 25. Rd1 Rxa1 26. Rxa1
gxh4 0-1

[Event "4NCL Division 4 South"]
[Site "Maidenhead, ENG"]
[Date "2020.01.12"]
[Round "4.71"]
[White "Ruthen, Stephen W"]
[Black "Flynn, David"]
[Result "1/2-1/2"]
[WhiteElo "1993"]
[BlackElo "1907"]
[PlyCount "66"]
[EventDate "2020.01.12"]
[WhiteTeam "Iceni 2"]
[BlackTeam "Ashfield 2"]

1. c4 c5 2. g3 g6 3. Bg2 Bg7 4. Nc3 Nc6 5. a3 e6 6. e4 Nge7 7. Nge2 O-O 8. O-O
d6 9. d3 Nd4 10. Rb1 Rb8 11. Be3 a6 12. b4 Nxe2+ 13. Nxe2 cxb4 14. axb4 b5 15.
c5 d5 16. Qc2 dxe4 17. dxe4 Bb7 18. Rfd1 Qc7 19. Bf4 e5 20. Bg5 f6 21. Be3 Rfd8
22. Qb3+ Kh8 23. Qe6 Rxd1+ 24. Rxd1 Rd8 25. Rxd8+ Qxd8 26. Qd6 Nc6 27. Nc3 Bf8
28. Qxd8 Nxd8 29. Nd5 Kg7 30. Bh3 Nc6 31. Bd7 Nb8 32. Be6 Nc6 33. Bd7 Nb8
1/2-1/2

[Event "4NCL Division 4 South"]
[Site "Maidenhead, ENG"]
[Date "2020.01.12"]
[Round "4.72"]
[White "Bromilow, Edward T"]
[Black "Gibbs, Dominic V"]
[Result "0-1"]
[WhiteElo "1870"]
[BlackElo "1898"]
[PlyCount "80"]
[EventDate "2020.01.12"]
[WhiteTeam "Ashfield 2"]
[BlackTeam "Iceni 2"]

1. d4 f5 2. Bg5 g6 3. Nc3 Bg7 4. e4 fxe4 5. Nxe4 d5 6. Ng3 c5 7. Bb5+ Nc6 8.
Bxc6+ bxc6 9. c3 cxd4 10. cxd4 Qa5+ 11. Bd2 Qb6 12. Bc3 Nh6 13. Qd2 O-O 14. Nf3
Ba6 15. h3 Rae8 16. Ne5 Nf7 17. Nd7 Qc7 18. Nxf8 e5 19. Kd1 exd4 20. Bxd4 Bh6
21. Qc3 Rxf8 22. Re1 Nd6 23. Be5 Rxf2 24. Ne2 Qe7 25. Nf4 Bxf4 26. Bxf4 Be2+
27. Kc1 Rxf4 28. b3 d4 29. Qd2 Re4 30. Kb2 d3 31. Rac1 Qe5+ 32. Kb1 Nb5 33. a4
Na3+ 34. Ka2 Nc2 35. Rxc2 dxc2 36. Qxc2 Bd3 37. Rxe4 Bxe4 38. Qf2 c5 39. g4 Qc3
40. Qf1 Bc2 0-1

[Event "4NCL Division 4 South"]
[Site "Maidenhead, ENG"]
[Date "2020.01.12"]
[Round "4.73"]
[White "Feavyour, John A"]
[Black "Taylor, Robert P"]
[Result "0-1"]
[WhiteElo "1944"]
[BlackElo "1832"]
[PlyCount "90"]
[EventDate "2020.01.12"]
[WhiteTeam "Iceni 2"]
[BlackTeam "Ashfield 2"]

1. d4 d5 2. c4 c6 3. Nf3 Nf6 4. Nc3 e6 5. Bg5 Bd6 6. e3 Nbd7 7. Bd3 O-O 8. O-O
dxc4 9. Bxc4 h6 10. Bh4 Qc7 11. Bg3 Bxg3 12. hxg3 e5 13. Rc1 exd4 14. Qxd4 Qa5
15. Rfd1 Nb6 16. Be2 Nbd5 17. Nxd5 Nxd5 18. a3 Be6 19. Rc5 Qd8 20. Qd2 Qe7 21.
b4 Nf6 22. Nd4 Ne4 23. Qc2 Nxc5 24. bxc5 Rad8 25. Rb1 Bc8 26. Bf3 Qg5 27. Qc3
Rfe8 28. Kf1 Re5 29. Rc1 Rde8 30. Ke2 Bg4 31. Kf1 Qh5 32. Ke2 Rd5 33. Rc2 Bxf3+
34. Nxf3 Red8 35. Rc1 Rd3 36. Qxd3 Rxd3 37. Kxd3 Qd5+ 38. Nd4 Qa2 39. Nc2 b6
40. cxb6 axb6 41. f3 c5 42. Ra1 Qb3+ 43. Kd2 b5 44. Rd1 c4 45. Kc1 c3 0-1

[Event "4NCL Division 4 South"]
[Site "Maidenhead, ENG"]
[Date "2020.01.12"]
[Round "4.74"]
[White "Graham, Neil"]
[Black "Lewis, Stephen"]
[Result "0-1"]
[WhiteElo "1825"]
[BlackElo "1859"]
[PlyCount "100"]
[EventDate "2020.01.12"]
[WhiteTeam "Ashfield 2"]
[BlackTeam "Iceni 2"]

1. d4 Nf6 2. f3 d5 3. e4 dxe4 4. Nc3 exf3 5. Nxf3 e6 6. Bg5 Bb4 7. Bd3 h6 8.
Bxf6 gxf6 9. Qd2 c6 10. O-O Nd7 11. a3 Be7 12. Rae1 Qc7 13. Qe2 Nf8 14. Nd2 h5
15. Kh1 b6 16. d5 exd5 17. Rxf6 Be6 18. Rff1 Bd6 19. Nf3 O-O-O 20. h3 Bg3 21.
Rb1 Re8 22. Qd1 Qd7 23. Ng5 Bh4 24. Nxe6 fxe6 25. Qf3 Qd6 26. Ba6+ Kb8 27. Qf7
Nd7 28. Ne4 Qe7 29. Qxe7 Bxe7 30. Nc3 Ref8 31. Be2 Nf6 32. b4 e5 33. Rf5 e4 34.
Re5 Bd6 35. Rf5 h4 36. Rbf1 Nd7 37. Rf7 Ne5 38. R7f6 Kc7 39. Nd1 b5 40. Ne3 Kd7
41. Rxf8 Rxf8 42. Nf5 Be7 43. Kh2 Nc4 44. Bg4 Kd8 45. Ra1 Bf6 46. Ra2 Nb6 47.
c3 Na4 48. Nd4 Nxc3 49. Ne6+ Ke7 50. Rc2 Rg8 0-1

[Event "4NCL Division 4 South"]
[Site "Maidenhead, ENG"]
[Date "2020.01.12"]
[Round "4.75"]
[White "Kenning, Paul H"]
[Black "Hill, Maurice J"]
[Result "1/2-1/2"]
[WhiteElo "1851"]
[BlackElo "1825"]
[PlyCount "73"]
[EventDate "2020.01.12"]
[WhiteTeam "Iceni 2"]
[BlackTeam "Ashfield 2"]

1. d4 Nf6 2. Bf4 d5 3. e3 Nbd7 4. Nd2 b6 5. Bd3 Bb7 6. Qf3 e6 7. Ne2 c5 8. c3
Be7 9. O-O-O c4 10. Bc2 b5 11. g4 Qa5 12. g5 Ne4 13. Nxe4 dxe4 14. Bxe4 Bxe4
15. Qxe4 O-O 16. Qc6 Nb6 17. Kb1 Rac8 18. Qe4 Nd5 19. Be5 b4 20. Qc2 Rc6 21. e4
b3 22. axb3 Ra6 23. Kc1 Bxg5+ 24. f4 Ne3 25. b4 Qa2 26. Qb1 Be7 27. Qxa2 Rxa2
28. Rdg1 f6 29. Bc7 f5 30. Kb1 Ra4 31. Rg3 Ng4 32. Rhg1 g6 33. R1g2 Nf6 34. e5
Ne4 35. Re3 Rc8 36. Ba5 Nd2+ 37. Kc2 1/2-1/2

[Event "4NCL Division 4 South"]
[Site "Maidenhead, ENG"]
[Date "2020.01.12"]
[Round "4.76"]
[White "Thomson, James L"]
[Black "Lightfoot, Malcolm J"]
[Result "1/2-1/2"]
[WhiteElo "1750"]
[BlackElo "1796"]
[PlyCount "65"]
[EventDate "2020.01.12"]
[WhiteTeam "Ashfield 2"]
[BlackTeam "Iceni 2"]

1. d4 Nf6 2. c4 g6 3. f3 d5 4. cxd5 Nxd5 5. e4 Nb6 6. Nc3 Bg7 7. Be3 c6 8. Qd2
O-O 9. Rd1 e5 10. Qf2 exd4 11. Bxd4 Bxd4 12. Rxd4 Qe7 13. Nge2 N8d7 14. Ng3 Nc5
15. Be2 Ne6 16. Rd2 Nf4 17. O-O Be6 18. b3 h5 19. Bd1 h4 20. Nge2 Nh3+ 21. gxh3
Qg5+ 22. Ng3 hxg3 23. hxg3 Bxh3 24. Re1 Rad8 25. Ree2 Qe5 26. Nb1 Be6 27. Kg2
c5 28. Rxd8 Rxd8 29. Rd2 Rd7 30. Rxd7 Nxd7 31. Qd2 Qh5 32. Kg1 Ne5 33. Qf4
1/2-1/2

[Event "4NCL Division 4 South"]
[Site "Maidenhead, ENG"]
[Date "2020.01.12"]
[Round "4.81"]
[White "Sheard, Jack"]
[Black "Campbell, Mark C"]
[Result "0-1"]
[WhiteElo "1847"]
[BlackElo "1889"]
[PlyCount "80"]
[EventDate "2020.01.12"]
[WhiteTeam "Surbiton 2"]
[BlackTeam "Cambridge University 3"]

1. Nf3 Nf6 2. c4 g6 3. b4 Bg7 4. Bb2 O-O 5. g3 d6 6. Bg2 c6 7. O-O Be6 8. d3
Qc8 9. Ng5 Bd7 10. Qb3 h6 11. Ne4 Bh3 12. Nxf6+ Bxf6 13. Bxh3 Qxh3 14. Bxf6
exf6 15. b5 c5 16. Nc3 Nd7 17. Nd5 Rae8 18. Qb2 Qe6 19. e3 Qf5 20. d4 cxd4 21.
Qxd4 b6 22. Rae1 Re4 23. Qc3 Qf3 24. Rd1 Rfe8 25. Rd4 Rxd4 26. exd4 Qxc3 27.
Nxc3 Rc8 28. Nd5 Rxc4 29. Rd1 Kg7 30. Rd2 Nf8 31. Ne7 Ne6 32. Nc6 a5 33. bxa6
Rxc6 34. d5 Rc1+ 35. Kg2 Nc7 36. a7 Rc5 37. Rb2 Na8 38. Re2 Kf8 39. Kf3 Rxd5
40. Rc2 Rc5 0-1

[Event "4NCL Division 4 South"]
[Site "Maidenhead, ENG"]
[Date "2020.01.12"]
[Round "4.82"]
[White "Phillips, William"]
[Black "Alcock, Graham P"]
[Result "1/2-1/2"]
[WhiteElo "1839"]
[BlackElo "1810"]
[PlyCount "35"]
[EventDate "2020.01.12"]
[WhiteTeam "Cambridge University 3"]
[BlackTeam "Surbiton 2"]

1. d4 Nf6 2. Nf3 d5 3. g3 g6 4. Bg2 Bg7 5. O-O O-O 6. c4 c6 7. Nc3 Re8 8. Ne5
dxc4 9. Nxc4 Be6 10. Ne5 Nbd7 11. Nxd7 Qxd7 12. e3 Bh3 13. b3 Bxg2 14. Kxg2 Nd5
15. Bb2 Red8 16. Ne4 b6 17. Qe2 Nf6 18. Nxf6+ 1/2-1/2

[Event "4NCL Division 4 South"]
[Site "Maidenhead, ENG"]
[Date "2020.01.12"]
[Round "4.83"]
[White "Durrant, Paul Eo"]
[Black "Lim, Mark"]
[Result "0-1"]
[WhiteElo "1802"]
[BlackElo "1794"]
[PlyCount "58"]
[EventDate "2020.01.12"]
[WhiteTeam "Surbiton 2"]
[BlackTeam "Cambridge University 3"]

1. e4 e6 2. d4 d5 3. e5 c5 4. c3 Nc6 5. Nf3 Nge7 6. Bd3 cxd4 7. cxd4 Nf5 8.
Bxf5 exf5 9. O-O Be6 10. Bg5 Qb6 11. Nc3 h6 12. Na4 Qc7 13. Be3 O-O-O 14. Rc1
Kb8 15. a3 g5 16. g3 f4 17. gxf4 gxf4 18. Bxf4 Qe7 19. b4 Bh3 20. e6+ Ka8 21.
Nb6+ axb6 22. Qa4+ Na7 23. Bc7 Rg8+ 24. Bg3 Bxf1 25. Kxf1 Qxe6 26. Re1 Qc6 27.
Qd1 Bd6 28. Ne5 Bxe5 29. Rxe5 Rde8 0-1

[Event "4NCL Division 4 South"]
[Site "Maidenhead, ENG"]
[Date "2020.01.12"]
[Round "4.84"]
[White "O'shea, Colm"]
[Black "Seymour, Paul"]
[Result "0-1"]
[WhiteElo "1706"]
[BlackElo "1675"]
[PlyCount "94"]
[EventDate "2020.01.12"]
[WhiteTeam "Cambridge University 3"]
[BlackTeam "Surbiton 2"]

1. e4 d5 2. exd5 Qxd5 3. Nf3 g6 4. d4 Bg7 5. c4 Qd8 6. Nc3 Nf6 7. Be2 O-O 8.
O-O Na6 9. Bg5 c5 10. d5 h6 11. Bh4 g5 12. Bg3 Nh5 13. Be5 Bg4 14. Bxg7 Nxg7
15. Ne5 Bxe2 16. Qxe2 Nc7 17. Rad1 f5 18. Rfe1 Qd6 19. b3 a6 20. a4 Rad8 21. a5
e6 22. dxe6 Qxe6 23. Na4 Qe7 24. Nb6 Rfe8 25. Nbd7 Nce6 26. Ng6 Qf7 27. Nde5
Qc7 28. Rxd8 Rxd8 29. Rd1 Nd4 30. Qe3 Qxa5 31. h4 f4 32. Ne7+ Kf8 33. N5g6+ Kf7
34. Qe4 Qc7 35. Nd5 Qd6 36. Ne5+ Kg8 37. Ng6 Re8 38. Nge7+ Kf8 39. Re1 Ngf5 40.
Nxf5 Rxe4 41. Nxd6 Rxe1+ 42. Kh2 Nxb3 43. hxg5 hxg5 44. Nxb7 a5 45. Nb6 Ke7 46.
Kh3 Kf6 47. Kg4 Kg6 0-1

[Event "4NCL Division 4 South"]
[Site "Maidenhead, ENG"]
[Date "2020.01.12"]
[Round "4.86"]
[White "Nettleton, Robin"]
[Black "Kumar, Sanjit S"]
[Result "1-0"]
[WhiteElo "1317"]
[BlackElo "1637"]
[PlyCount "153"]
[EventDate "2020.01.12"]
[WhiteTeam "Cambridge University 3"]
[BlackTeam "Surbiton 2"]

1. Nf3 d5 2. b3 Nf6 3. Bb2 c5 4. g3 e6 5. d3 b6 6. Bg2 Bb7 7. O-O Bd6 8. c4 O-O
9. Qc2 Nbd7 10. Nbd2 Re8 11. Rae1 d4 12. e4 e5 13. Nh4 Bf8 14. Nb1 g6 15. Bc1
Bg7 16. Bh3 h6 17. Qe2 Nf8 18. Ng2 Bc8 19. Bxc8 Qxc8 20. f3 Kh7 21. Rf2 h5 22.
Bg5 Ne6 23. Bxf6 Bxf6 24. f4 exf4 25. Nxf4 Bg5 26. Nxh5 Be3 27. Nf6+ Kg7 28.
Nxe8+ Qxe8 29. Ref1 Ng5 30. Kh1 Bxf2 31. Qxf2 Qe6 32. Nd2 Rh8 33. h4 Nh3 34.
Qg2 Ng5 35. Nf3 Nxf3 36. Qxf3 g5 37. Qf5 Qe7 38. Qg4 Kf8 39. Kg2 gxh4 40. Qc8+
Qe8 41. Qxe8+ Kxe8 42. Rh1 h3+ 43. Rxh3 Rg8 44. Kf3 Ke7 45. Rh6 Rf8 46. Kf4 Rg8
47. g4 Rg7 48. Kf5 Rg8 49. g5 Re8 50. e5 Rf8 51. Rh7 Kd8 52. Kf6 Ke8 53. Kg7
Ke7 54. Rh6 Rd8 55. Rf6 Rf8 56. g6 Rd8 57. Rxf7+ Ke6 58. Kh7 a5 59. Rb7 Rd7+
60. Rxd7 Kxd7 61. g7 Ke6 62. g8=Q+ Kxe5 63. Qd5+ Kf4 64. Qe4+ Kg3 65. Kg7 Kf2
66. Kf7 Kg3 67. Ke7 Kf2 68. Kd7 Kg3 69. Kc6 Kf2 70. Kxb6 Kg3 71. Kxc5 Kf2 72.
Kxd4 Kg3 73. Ke3 Kh2 74. Kf3 Kg1 75. Qg4+ Kf1 76. Qg2+ Ke1 77. Qe2# 1-0

[Event "4NCL Division 4 South"]
[Site "Maidenhead, ENG"]
[Date "2020.01.12"]
[Round "4.91"]
[White "Sahinoz, Giulio O"]
[Black "Pink, Joshua"]
[Result "0-1"]
[WhiteElo "1919"]
[BlackElo "2057"]
[PlyCount "94"]
[EventDate "2020.01.12"]
[WhiteTeam "Poisoned Pawns - Next Generation"]
[BlackTeam "Throw in the Tal"]

1. d4 Nf6 2. c4 c5 3. d5 e6 4. Nc3 exd5 5. cxd5 d6 6. e4 g6 7. f4 Bg7 8. Nf3
Bg4 9. Bb5+ Nbd7 10. O-O O-O 11. h3 Bxf3 12. Qxf3 a6 13. Bxd7 Nxd7 14. a4 Re8
15. Bd2 c4 16. Rae1 Qb6+ 17. Qf2 Qxf2+ 18. Kxf2 Nc5 19. Kf3 Re7 20. Re2 Rae8
21. Rfe1 Nb3 22. Rf2 Bd4 23. Rfe2 Bc5 24. Be3 Bxe3 25. Kxe3 f5 26. Kf2 Nc5 27.
Kf3 Nd3 28. Rb1 Kf7 29. g4 fxg4+ 30. hxg4 Rb8 31. Ke3 Nc5 32. Kd4 b5 33. axb5
axb5 34. Rh1 Kg8 35. Rhe1 Nb3+ 36. Ke3 b4 37. Nb1 Rbe8 38. Kf2 Nd4 39. Rd2 Rxe4
40. Rxe4 Rxe4 41. Kg3 Nb5 42. Rc2 c3 43. bxc3 Nxc3 44. Nxc3 Re3+ 45. Kg2 Rxc3
46. Rb2 b3 47. Kh1 Rc1+ 0-1

[Event "4NCL Division 4 South"]
[Site "Maidenhead, ENG"]
[Date "2020.01.12"]
[Round "4.92"]
[White "Ireland, David J"]
[Black "Zheng, Harry Z"]
[Result "1-0"]
[WhiteElo "1961"]
[BlackElo "1823"]
[PlyCount "109"]
[EventDate "2020.01.12"]
[WhiteTeam "Throw in the Tal"]
[BlackTeam "Poisoned Pawns - Next Generation"]

1. Nf3 Nf6 2. c4 e6 3. g3 d5 4. Bg2 Be7 5. O-O O-O 6. d4 dxc4 7. Qc2 a6 8. a4
Bd7 9. Ne5 Bc6 10. Nxc6 Nxc6 11. Bxc6 bxc6 12. Qxc4 Qd5 13. Nd2 Rfb8 14. b3 Bb4
15. Rd1 a5 16. Nf3 Bf8 17. Rd3 Rb6 18. Bd2 Ne4 19. Be1 Bb4 20. Rc1 Bxe1 21.
Nxe1 Rc8 22. f3 Nd6 23. Qxd5 cxd5 24. Rdc3 c6 25. Nd3 f6 26. Kf2 Kf7 27. Nc5
Ke7 28. e4 Nf7 29. Re3 Nd8 30. Rce1 Rc7 31. f4 Kf7 32. g4 g6 33. h4 Rb4 34. Na6
Rcb7 35. Nxb4 Rxb4 36. Rd3 h5 37. gxh5 gxh5 38. e5 f5 39. Rg1 c5 40. Rdg3 Rxd4
41. Rg7+ Ke8 42. Ke3 Re4+ 43. Kf3 Rb4 44. Rc7 Rxb3+ 45. Ke2 Kf8 46. Rc8 Rb4 47.
Rxd8+ Ke7 48. Ra8 Kf7 49. Ra7+ Kf8 50. Rgg7 Rxa4 51. Rgb7 Ra2+ 52. Kd1 Ra1+ 53.
Kc2 Ra2+ 54. Kb1 Ra4 55. Ra8# 1-0

[Event "4NCL Division 4 South"]
[Site "Maidenhead, ENG"]
[Date "2020.01.12"]
[Round "4.93"]
[White "Srivastava, Arnav"]
[Black "Nwachukwu, Chino"]
[Result "1-0"]
[WhiteElo "1728"]
[BlackElo "1945"]
[PlyCount "65"]
[EventDate "2020.01.12"]
[WhiteTeam "Poisoned Pawns - Next Generation"]
[BlackTeam "Throw in the Tal"]

1. c4 Nf6 2. d4 d5 3. cxd5 Qxd5 4. Nc3 Qa5 5. Bd2 Qb6 6. Nf3 c6 7. e4 Qxb2 8.
Rb1 Qa3 9. e5 Ng8 10. Bc4 e6 11. Ne4 b5 12. Be2 Qxa2 13. Nc3 Qa3 14. Bxb5 Qa5
15. Bd3 Qd8 16. O-O Ne7 17. Qa4 Bd7 18. Rb7 Nd5 19. Nxd5 cxd5 20. Bb5 a5 21.
Rc1 Be7 22. Bxd7+ Nxd7 23. Rcc7 O-O 24. Qxd7 Qxd7 25. Rxd7 Bb4 26. Bxb4 axb4
27. g3 Rab8 28. Rxb8 Rxb8 29. Nd2 Kf8 30. Nb3 Rc8 31. Nc5 Rb8 32. Ra7 b3 33.
Nd7+ 1-0

[Event "4NCL Division 4 South"]
[Site "Maidenhead, ENG"]
[Date "2020.01.12"]
[Round "4.94"]
[White "Goodwin, Ed H"]
[Black "Weersing, Abigail Riis"]
[Result "1-0"]
[WhiteElo "1922"]
[BlackElo "1794"]
[PlyCount "87"]
[EventDate "2020.01.12"]
[WhiteTeam "Throw in the Tal"]
[BlackTeam "Poisoned Pawns - Next Generation"]

1. d4 Nf6 2. Nc3 e6 3. Bf4 d5 4. e3 Bd6 5. Bg3 c5 6. Bb5+ Nc6 7. dxc5 Bxc5 8.
Nf3 O-O 9. O-O Qe7 10. a3 Rd8 11. Bxc6 bxc6 12. Bh4 e5 13. Qe2 Bg4 14. e4 d4
15. Nb1 Bh5 16. Nbd2 Bd6 17. Rfe1 c5 18. Qc4 a5 19. h3 Rab8 20. Rab1 Rdc8 21.
b3 h6 22. g4 Bg6 23. g5 hxg5 24. Bxg5 Qd7 25. Kh2 Qc6 26. Bxf6 gxf6 27. Rg1 Kg7
28. Nh4 Rh8 29. Rg4 Rh5 30. Rbg1 Rbh8 31. Rxg6+ fxg6 32. Rxg6+ Kf8 33. Rxf6+
Ke8 34. Ndf3 Qd7 35. Qd5 Be7 36. Qa8+ Bd8 37. Nf5 Rxh3+ 38. Kg2 R3h7 39. Nxe5
Rg8+ 40. Kf3 Qc7 41. Qd5 Rf8 42. Re6+ Be7 43. Qa8+ Qd8 44. Qc6+ 1-0

[Event "4NCL Division 4 South"]
[Site "Maidenhead, ENG"]
[Date "2020.01.12"]
[Round "4.95"]
[White "Volovich, Julia"]
[Black "Davidson, Laura"]
[Result "0-1"]
[WhiteElo "1611"]
[BlackElo "1735"]
[PlyCount "90"]
[EventDate "2020.01.12"]
[WhiteTeam "Poisoned Pawns - Next Generation"]
[BlackTeam "Throw in the Tal"]

1. d4 Nf6 2. c4 e6 3. Nc3 Bb4 4. Qc2 O-O 5. a3 Bxc3+ 6. Qxc3 d5 7. Bg5 Nbd7 8.
e3 h6 9. Bh4 Re8 10. Nf3 c5 11. dxc5 Nxc5 12. Bxf6 Qxf6 13. Qxf6 gxf6 14. cxd5
exd5 15. Nd4 Bd7 16. Be2 Na4 17. O-O a6 18. b3 Nc3 19. Bd3 Ne4 20. Rac1 Rac8
21. Rfd1 Nc3 22. Rd2 Ne4 23. Rdc2 Rxc2 24. Rxc2 Rc8 25. Rxc8+ Bxc8 26. f3 Nd6
27. Kf2 Kf8 28. Kg3 Kg7 29. Kf4 Be6 30. e4 dxe4 31. fxe4 Kf8 32. g4 Ke7 33.
Nf5+ Nxf5 34. gxf5 Bxb3 $11 35. e5 Bd1 36. Be4 b5 37. Bd5 fxe5+ 38. Kxe5 f6+
39. Kd4 Kd6 40. Be4 h5 41. Bd5 a5 42. Be4 $11 b4 43. axb4 axb4 44. Bd3 b3 45.
h4 Bc2 0-1

[Event "4NCL Division 4 South"]
[Site "Maidenhead, ENG"]
[Date "2020.01.12"]
[Round "4.96"]
[White "Woolgar, Steven G"]
[Black "Weersing, Sarah"]
[Result "1/2-1/2"]
[WhiteElo "1651"]
[BlackElo "1652"]
[PlyCount "96"]
[EventDate "2020.01.12"]
[WhiteTeam "Throw in the Tal"]
[BlackTeam "Poisoned Pawns - Next Generation"]

1. c4 Nc6 2. Nc3 e5 3. g3 Nf6 4. Bg2 Bc5 5. e3 d6 6. Nge2 Bf5 7. e4 Be6 8. d3
h6 9. a3 Ne7 10. O-O O-O 11. b4 Bb6 12. Na4 c6 13. Nxb6 Qxb6 14. Be3 Qc7 15.
Qd2 d5 16. cxd5 cxd5 17. Rfc1 Qd7 18. Bc5 Rfd8 19. Bxe7 Qxe7 20. Qb2 dxe4 21.
dxe4 Qd6 22. Nc3 a6 23. h3 Rac8 24. Rd1 Qc7 25. Rxd8+ Rxd8 26. Rc1 Rc8 27. Ne2
Qd6 28. Rxc8+ Bxc8 29. Qc2 Bd7 30. Nc3 Bc6 31. f3 Nh5 32. Kh2 Qd4 33. Nd5 Bxd5
34. exd5 Qxd5 35. f4 Qe6 36. fxe5 Qxe5 37. Qd3 Qc7 38. Qe3 Nf6 39. Qf3 b6 40.
Qa8+ Kh7 41. Qxa6 g6 42. Qd3 Nd7 43. Qb3 Ne5 44. a4 h5 45. h4 Ng4+ 46. Kh3 Nf2+
47. Kh2 Ng4+ 48. Kh3 Nf2+ 1/2-1/2

[Event "4NCL Division 4 South"]
[Site "Maidenhead, ENG"]
[Date "2020.01.12"]
[Round "4.101"]
[White "Bush, Ian"]
[Black "Carter, Rebecca"]
[Result "1/2-1/2"]
[WhiteElo "1840"]
[BlackElo "1712"]
[PlyCount "70"]
[EventDate "2020.01.12"]
[WhiteTeam "Oxford 4"]
[BlackTeam "Barnet Knights 2"]

1. e4 e5 2. Nf3 Nf6 3. Nxe5 d6 4. Nf3 Nxe4 5. Nc3 Nxc3 6. dxc3 Be7 7. Be3 Nc6
8. Qd2 Be6 9. Bd3 Qd7 10. O-O Bf6 11. Nd4 Bg4 12. h3 Bh5 13. Bf5 Qd8 14. Nxc6
bxc6 15. Rfe1 O-O 16. Be4 Qd7 17. Bd4 Bxd4 18. cxd4 d5 19. Bd3 Qd6 20. f4 f6
21. Qf2 Rfe8 22. Qh4 Bg6 23. Bxg6 hxg6 24. Qf2 Re4 25. Rxe4 dxe4 26. Qe3 f5 27.
g3 Rd8 28. c3 Rb8 29. b3 Kf7 30. Kf2 Rh8 31. h4 Re8 32. Re1 Qa3 33. Qd2 Rd8 34.
Qe2 Kf8 35. Ke3 Qa5 1/2-1/2

[Event "4NCL Division 4 South"]
[Site "Maidenhead, ENG"]
[Date "2020.01.12"]
[Round "4.102"]
[White "Wolstenholme, Otis"]
[Black "Arora, Tashika"]
[Result "0-1"]
[WhiteElo "1682"]
[BlackElo "1690"]
[PlyCount "96"]
[EventDate "2020.01.12"]
[WhiteTeam "Barnet Knights 2"]
[BlackTeam "Oxford 4"]

1. c4 Nf6 2. g3 g6 3. Bg2 d5 4. cxd5 Nxd5 5. Nc3 Nxc3 6. bxc3 Bg7 7. Nf3 O-O 8.
O-O c6 9. Qc2 Bf5 10. d3 Na6 11. Bb2 Qb6 12. Qb3 Qxb3 13. axb3 Rfd8 14. Rfd1
Be6 15. Nd2 Nc7 16. Rab1 Nb5 17. Rdc1 Bh6 18. f4 Bg4 19. Bf3 Bxf3 20. Nxf3 f6
21. Re1 a5 22. c4 Nc7 23. Rbd1 Ne6 24. e3 Nc5 25. d4 Nxb3 26. Ba3 Bf8 27. c5 a4
28. Rd3 e6 29. Red1 b6 30. Nd2 bxc5 31. Nxb3 axb3 32. Bb2 c4 33. Rc3 Ra2 34.
Rb1 Ra4 35. Kf2 Rda8 36. Kf3 c5 37. g4 cxd4 38. exd4 Rc8 39. h4 Bb4 40. Re3 c3
41. Bxc3 Bxc3 42. Rxb3 Bxd4 43. Re4 e5 44. fxe5 fxe5 45. g5 Rf8+ 46. Kg2 Ra2+
47. Kh3 Raf2 48. Rg3 R2f3 0-1

[Event "4NCL Division 4 South"]
[Site "Maidenhead, ENG"]
[Date "2020.01.12"]
[Round "4.103"]
[White "Burcham, Tony"]
[Black "Farahi-Far, Arman"]
[Result "1-0"]
[WhiteElo "1650"]
[BlackElo "1645"]
[PlyCount "56"]
[EventDate "2020.01.12"]
[WhiteTeam "Oxford 4"]
[BlackTeam "Barnet Knights 2"]

1. c4 Nf6 2. g3 g6 3. Bg2 Bg7 4. d3 d6 5. Nc3 O-O 6. e4 e5 7. Nge2 a5 8. O-O
Nbd7 9. Rb1 Nc5 10. a3 a4 11. Be3 Nb3 12. Nxa4 Rxa4 13. Qxb3 Ra8 14. Qc2 Ng4
15. Bc1 f5 16. f3 Nf6 17. Bg5 h6 18. Be3 Kh7 19. f4 exf4 20. Nxf4 Ng4 21. Rbe1
Nxe3 22. Rxe3 Bd4 23. Rfe1 c6 24. Qe2 Qb6 25. Kh1 g5 26. exf5 gxf4 27. Re7+ Kh8
28. Qh5 Rxa3 1-0

[Event "4NCL Division 4 South"]
[Site "Maidenhead, ENG"]
[Date "2020.01.12"]
[Round "4.104"]
[White "Angelopoulos, Andreas"]
[Black "Kassey, Amaan"]
[Result "1/2-1/2"]
[WhiteElo "1615"]
[BlackElo "1562"]
[PlyCount "71"]
[EventDate "2020.01.12"]
[WhiteTeam "Barnet Knights 2"]
[BlackTeam "Oxford 4"]

1. d4 Nf6 2. c4 e5 3. dxe5 Ng4 4. Nf3 Bb4+ 5. Bd2 Bxd2+ 6. Nbxd2 Nc6 7. e3
Ngxe5 8. Be2 d6 9. O-O O-O 10. Nxe5 Nxe5 11. Nf3 Nc6 12. a3 a5 13. Qc2 Qf6 14.
Bd3 Kh8 15. c5 Bg4 16. Nd2 d5 17. Nb1 Ne5 18. Be2 Bf5 19. Qd2 Qg6 20. Re1 Be4
21. g3 Qh6 22. Nc3 Bf3 23. Qd1 Qh5 24. Rf1 Bxe2 25. Qxe2 Qxe2 26. Nxe2 c6 27.
Rfd1 a4 28. Kg2 Nc4 29. Rab1 Ra5 30. Nc3 g6 31. e4 dxe4 32. Nxe4 f5 33. Nd6
Nxd6 34. cxd6 Rd8 35. Rd4 Rd5 36. Rxa4 1/2-1/2

[Event "4NCL Division 4 South"]
[Site "Maidenhead, ENG"]
[Date "2020.01.12"]
[Round "4.105"]
[White "Beckett, Richard"]
[Black "Sanfey, Gregor"]
[Result "0-1"]
[WhiteElo "1634"]
[BlackElo "1607"]
[PlyCount "69"]
[EventDate "2020.01.12"]
[WhiteTeam "Oxford 4"]
[BlackTeam "Barnet Knights 2"]

1. e4 d6 2. d4 Nf6 3. Nc3 g6 4. Bg5 Bg7 5. Bc4 O-O 6. Qd2 Nxe4 7. Nxe4 d5 8.
Bb3 dxe4 9. O-O-O Nc6 10. c3 Na5 11. Bc2 Qd5 12. b3 e5 13. c4 Nxc4 14. bxc4
Qxc4 15. d5 Qxa2 16. Bxe4 Qa1+ 17. Bb1 e4 18. Qc2 e3 19. Bxe3 Bf5 20. Qb3 a5
21. Qa2 Qc3+ 22. Bc2 a4 23. Ne2 Qf6 24. h4 a3 25. Bd4 Bh6+ 26. f4 Qa6 27. Bxf5
gxf5 28. Rh3 Rfe8 29. Be5 Rxe5 30. Rg3+ Kh8 31. Rdd3 Rae8 32. Qxa3 Qxa3+ 33.
Rxa3 Rxe2 34. Kd1 Re1+ 35. Kd2 0-1